[Event "EU-ch U16 Girls 30th"]
[Site "Antalya"]
[Date "2022.11.11"]
[Round "6"]
[White "Putar, Lara"]
[Black "Zavivaeva, Emilia"]
[Result "0-1"]
[WhiteElo "1922"]
[BlackElo "1650"]
[PlyCount "99"]
[EventDate "2022.11.06"]
[EventType "swiss"]
[EventRounds "9"]
[EventCountry "TUR"]
[SourceTitle "EXT 2024"]
[Source "ChessBase"]
[SourceDate "2023.10.10"]
[SourceVersion "1"]
[SourceVersionDate "2023.10.10"]
[SourceQuality "1"]

1. d4 d5 2. c4 e6 3. Nc3 Nf6 4. Nf3 Be7 5. Bf4 0-0 6. e3 b6 7. Be2 Bb7 8. 0-0 Nbd7 9. Rc1 c5 10. dxc5 Nxc5 11. Qc2 Nce4 12. Rfd1 Nxc3 13. Qxc3 Rc8 14. Ne5 Nd7 15. Nxd7 Qxd7 16. e4 Qe8 17. Qg3 dxe4 18. Be5 f6 19. Bc3 Qc6 20. b4 Rcd8 21. b5 Qc5 22. Bd2 Bd6 23. Qh3 f5 24. Rb1 Qc7 25. a4 Bc5 26. Bg5 Rxd1+ 27. Rxd1 e5 28. Qh4 Bd4 29. Be7 Re8 30. Bb4 Bc8 31. Bh5 Re6 32. Qg5 Rf6 33. Be2 Be6 34. Qd2 Rf7 35. a5 Rd7 36. axb6 Qxb6 37. Qe1 Kh8 38. Rc1 Rc7 39. Kf1 Rc8 40. Ba5 Qc5 41. Bb4 Qb6 42. Ba5 Qb7 43. Qb4 Rc5 44. Rd1 Qc8 45. Rc1 h6 46. b6 axb6 47. Bxb6 Rc6 48. c5 f4 49. Qa3 e3 50. f3 0-1

[Event "EU-ch U16 Girls 30th"]
[Site "Antalya"]
[Date "2022.11.07"]
[Round "2"]
[White "Petricenco, Ana"]
[Black "Zavivaeva, Emilia"]
[Result "1-0"]
[WhiteElo "1915"]
[BlackElo "1650"]
[PlyCount "29"]
[EventDate "2022.11.06"]
[EventType "swiss"]
[EventRounds "9"]
[EventCountry "TUR"]
[SourceTitle "EXT 2024"]
[Source "ChessBase"]
[SourceDate "2023.10.10"]
[SourceVersion "1"]
[SourceVersionDate "2023.10.10"]
[SourceQuality "1"]

1. e4 e6 2. d3 d5 3. Nd2 c5 4. Ngf3 Nc6 5. g3 Bd6 6. Bg2 Nge7 7. 0-0 0-0 8. Nh4 b5 9. f4 f6 10. Re1 c4 11. Nhf3 Bc7 12. d4 Bb6 13. c3 e5 14. fxe5 fxe5 15. Kh1 1-0

[Event "Titled Tuesday intern op 01st Mar Early"]
[Site "Chess.com INT"]
[Date "2022.03.01"]
[Round "2"]
[White "Karabalis, Harilos"]
[Black "Zavivaeva, Emilia"]
[Result "1-0"]
[WhiteElo "2252"]
[BlackElo "1650"]
[PlyCount "83"]
[EventDate "2022.03.01"]
[EventType "swiss (blitz)"]
[EventRounds "11"]
[EventCountry "USA"]
[SourceTitle "CBM 207 Extra"]
[Source "ChessBase"]
[SourceDate "2022.05.31"]
[SourceVersion "1"]
[SourceVersionDate "2022.05.31"]
[SourceQuality "1"]

1. e4 d5 2. exd5 Qxd5 3. Nc3 Qa5 4. d4 c6 5. Bc4 Nf6 6. Nf3 Bg4 7. h3 Bh5 8. g4 Bg6 9. 0-0 e6 10. Bd2 Be7 11. Qe2 0-0 12. Nd5 Qd8 13. Nxe7+ Qxe7 14. a3 Nbd7 15. Bb4 c5 16. dxc5 a5 17. Bc3 Nxc5 18. Ne5 Nce4 19. Bd4 Rac8 20. Bb3 Rfd8 21. Rad1 h5 22. Nxg6 fxg6 23. Bxf6 Nxf6 24. Qxe6+ Qxe6 25. Bxe6+ Kh7 26. Bxc8 Rxc8 27. c3 hxg4 28. hxg4 Nxg4 29. Rd4 Nh6 30. Kg2 Rc5 31. Rh1 Kg8 32. Rd8+ Kh7 33. Rd7 Rb5 34. b4 axb4 35. axb4 g5 36. Re1 Nf5 37. Re4 Kg6 38. Re6+ Kh5 39. Rd8 Nh4+ 40. Kh3 g4+ 41. Kg3 Nf5+ 42. Kf4 1-0

[Event "Titled Tuesday intern op 01st Mar Early"]
[Site "Chess.com INT"]
[Date "2022.03.01"]
[Round "3"]
[White "Zavivaeva, Emilia"]
[Black "Aaditya, Dhingra"]
[Result "0-1"]
[WhiteElo "1650"]
[BlackElo "2176"]
[PlyCount "68"]
[EventDate "2022.03.01"]
[EventType "swiss (blitz)"]
[EventRounds "11"]
[EventCountry "USA"]
[SourceTitle "CBM 207 Extra"]
[Source "ChessBase"]
[SourceDate "2022.05.31"]
[SourceVersion "1"]
[SourceVersionDate "2022.05.31"]
[SourceQuality "1"]

1. e4 g6 2. d4 Bg7 3. Be3 c5 4. Nf3 Nc6 5. Be2 cxd4 6. Nxd4 Nf6 7. Bd3 d5 8. Nd2 Nxd4 9. Bxd4 dxe4 10. Nxe4 Qxd4 11. Bb5+ Nd7 12. Qxd4 Bxd4 13. Rd1 Bg7 14. Nc5 0-0 15. Nxd7 Bxd7 16. Rxd7 Rac8 17. c3 a6 18. Be2 b5 19. Rxe7 b4 20. 0-0 bxc3 21. bxc3 a5 22. c4 Rfd8 23. Bd1 Rxc4 24. Bb3 Rf4 25. g3 Rf6 26. Rc1 Bf8 27. Ra7 Rd2 28. Rcc7 Rdxf2 29. Rxf7 Rxf7 30. Rxf7 Rxf7 31. Bxf7+ Kxf7 32. Kf2 Ke6 33. Ke3 Kd5 34. Kf4 Be7 0-1

[Event "Titled Tuesday intern op 22nd Feb Early"]
[Site "Chess.com INT"]
[Date "2022.02.22"]
[Round "1"]
[White "Abdyjapar, Asyl"]
[Black "Zavivaeva, Emilia"]
[Result "0-1"]
[WhiteElo "2346"]
[BlackElo "1650"]
[PlyCount "72"]
[EventDate "2022.02.22"]
[EventType "swiss (blitz)"]
[EventRounds "11"]
[EventCountry "USA"]
[SourceTitle "CBM 207 Extra"]
[Source "ChessBase"]
[SourceDate "2022.05.31"]
[SourceVersion "1"]
[SourceVersionDate "2022.05.31"]
[SourceQuality "1"]

1. c4 e6 2. g3 d5 3. Bg2 Nf6 4. Nf3 Be7 5. 0-0 0-0 6. b3 b6 7. Bb2 Bb7 8. e3 Nbd7 9. Nc3 c5 10. cxd5 Nxd5 11. Nxd5 exd5 12. d4 Nf6 13. Rc1 Rc8 14. Rc2 Ne4 15. Qa1 Bf6 16. Rd1 cxd4 17. Rxc8 Qxc8 18. Nxd4 a5 19. a4 Qd7 20. Nb5 Bxb2 21. Qxb2 Qe6 22. Qd4 h6 23. Nc7 Qf5 24. Bxe4 dxe4 25. Qxb6 Bc8 26. Qb5 Qf3 27. Qf1 Bh3 28. Qxh3 Qxd1+ 29. Kg2 Qxb3 30. Qd7 Rb8 31. Nd5 Qd3 32. Ne7+ Kh8 33. Qf5 Qb3 34. Qxe4 Qb7 35. Kf3 Qxe4+ 36. Kxe4 Re8 0-1

[Event "Titled Tuesday intern op 22nd Feb Early"]
[Site "Chess.com INT"]
[Date "2022.02.22"]
[Round "11"]
[White "Chincholimath, Halsagar"]
[Black "Zavivaeva, Emilia"]
[Result "0-1"]
[WhiteElo "1754"]
[BlackElo "1650"]
[PlyCount "122"]
[EventDate "2022.02.22"]
[EventType "swiss (blitz)"]
[EventRounds "11"]
[EventCountry "USA"]
[SourceTitle "CBM 207 Extra"]
[Source "ChessBase"]
[SourceDate "2022.05.31"]
[SourceVersion "1"]
[SourceVersionDate "2022.05.31"]
[SourceQuality "1"]

1. e4 a6 2. d4 b5 3. f4 Bb7 4. Bd3 g6 5. Nf3 Bg7 6. c3 e6 7. 0-0 Ne7 8. Qe1 0-0 9. Qh4 d6 10. f5 exf5 11. exf5 Nxf5 12. Qxd8 Rxd8 13. Bxf5 gxf5 14. Bg5 Re8 15. Nbd2 Nd7 16. Rae1 Be4 17. Rf2 d5 18. h4 c5 19. Bf4 Bxf3 20. Rxe8+ Rxe8 21. Nxf3 Re4 22. Bd6 cxd4 23. Rd2 dxc3 24. bxc3 Nb6 25. Bc5 Bxc3 26. Rd3 Na4 27. Ba7 d4 28. Ng5 Re2 29. Rg3 f6 30. Ne4+ Kf7 31. Nd6+ Ke6 32. Ne8 Rxa2 33. Rg7 d3 34. Bb8 Kd5 35. Nc7+ Kc4 36. Rd7 d2 37. Nd5 d1Q+ 38. Kh2 Qg4 39. Ne3+ Kb3 40. Nxg4 fxg4 41. Rd3 Nc5 42. Rg3 b4 43. Rxg4 a5 44. Bd6 Nd3 45. Rg3 Ne5 46. Re3 a4 47. h5 Ng4+ 48. Kg3 Nxe3 49. Kf3 Nxg2 50. h6 Ne1+ 51. Ke3 a3 52. Be5 Rd2 53. Ke4 a2 54. Bxc3 bxc3 55. Ke3 a1Q 56. Kf4 Qa4+ 57. Kf5 Qb5+ 58. Ke6 Qc4+ 59. Ke7 Rd5 60. Kf8 Qc6 61. Kg7 Rd7+ 0-1

[Event "Titled Tuesday intern op 22nd Feb Early"]
[Site "Chess.com INT"]
[Date "2022.02.22"]
[Round "4"]
[White "Zavivaeva, Emilia"]
[Black "Devaev, Alexander"]
[Result "0-1"]
[WhiteElo "1650"]
[BlackElo "2325"]
[PlyCount "104"]
[EventDate "2022.02.22"]
[EventType "swiss (blitz)"]
[EventRounds "11"]
[EventCountry "USA"]
[SourceTitle "CBM 207 Extra"]
[Source "ChessBase"]
[SourceDate "2022.05.31"]
[SourceVersion "1"]
[SourceVersionDate "2022.05.31"]
[SourceQuality "1"]

1. e4 c6 2. d4 d5 3. exd5 cxd5 4. c3 Nc6 5. Bd3 g6 6. Bf4 Nh6 7. Nf3 Bg7 8. Nbd2 0-0 9. 0-0 Bg4 10. h3 Bf5 11. Qe2 Bxd3 12. Qxd3 Nf5 13. Rae1 Rc8 14. Ne5 Re8 15. Qb5 Nxe5 16. Bxe5 f6 17. Bf4 b6 18. Re2 e6 19. Rfe1 Kf7 20. Qa6 Qd7 21. a4 h5 22. a5 Rc6 23. Qb5 Nd6 24. Qa4 b5 25. Qc2 b4 26. Nb3 bxc3 27. Nc5 Rxc5 28. dxc5 Ne4 29. b4 e5 30. f3 exf4 31. fxe4 d4 32. Rd1 a6 33. Qxc3 Qb5 34. Qd2 f5 35. Rde1 d3 36. Rf2 Bd4 37. Qxf4 Bxf2+ 38. Kxf2 Qxb4 39. Qc7+ Re7 40. Qd6 Rxe4 41. Qd5+ Kf6 42. Qd6+ Kg7 43. Rxe4 Qxe4 44. c6 Qe2+ 45. Kg3 d2 46. c7 d1Q 47. Qxd1 Qxd1 48. c8Q Qd3+ 49. Kh2 h4 50. Qc7+ Kf6 51. Qc6+ Kg5 52. Qc5 Qe4 0-1

[Event "Titled Tuesday intern op 22nd Feb Early"]
[Site "Chess.com INT"]
[Date "2022.02.22"]
[Round "6"]
[White "Zavivaeva, Emilia"]
[Black "Golubenko, Valentina"]
[Result "1-0"]
[WhiteElo "1650"]
[BlackElo "2209"]
[PlyCount "35"]
[EventDate "2022.02.22"]
[EventType "swiss (blitz)"]
[EventRounds "11"]
[EventCountry "USA"]
[SourceTitle "CBM 207 Extra"]
[Source "ChessBase"]
[SourceDate "2022.05.31"]
[SourceVersion "1"]
[SourceVersionDate "2022.05.31"]
[SourceQuality "1"]

1. e4 e6 2. d4 d5 3. Nc3 Nf6 4. Bg5 Be7 5. e5 Nfd7 6. Bxe7 Qxe7 7. f4 0-0 8. Nf3 a6 9. Bd3 c5 10. Bxh7+ Kh8 11. Ng5 g6 12. Qg4 Kg7 13. h4 cxd4 14. Ne2 f5 15. Qg3 Nc6 16. h5 Nc5 17. hxg6 Ne4 18. Qh4 1-0

[Event "Titled Tuesday intern op 15th Feb Early"]
[Site "Chess.com INT"]
[Date "2022.02.15"]
[Round "5"]
[White "Bon, Michael"]
[Black "Zavivaeva, Emilia"]
[Result "1-0"]
[WhiteElo "2408"]
[BlackElo "1650"]
[PlyCount "43"]
[EventDate "2022.02.15"]
[EventType "swiss (blitz)"]
[EventRounds "11"]
[EventCountry "USA"]
[SourceTitle "CBM 206 Extra"]
[Source "ChessBase"]
[SourceDate "2022.03.31"]
[SourceVersion "1"]
[SourceVersionDate "2022.03.31"]
[SourceQuality "1"]

1. e4 d5 2. exd5 Qxd5 3. d4 Qa5+ 4. Bd2 Qb6 5. Nf3 Nf6 6. c4 Qxb2 7. Nc3 Nc6 8. Nb5 Kd8 9. Bc3 Qxa1 10. Bxa1 a6 11. d5 axb5 12. dxc6+ Ke8 13. cxb5 bxc6 14. bxc6 e6 15. Qb3 Bc5 16. Be2 Nd5 17. 0-0 Nf4 18. Bc4 Ke7 19. Be5 Ng6 20. Bxc7 Re8 21. Rd1 Ra3 22. Qb5 1-0

[Event "Titled Tuesday intern op 15th Feb Early"]
[Site "Chess.com INT"]
[Date "2022.02.15"]
[Round "7"]
[White "Zavivaeva, Emilia"]
[Black "Crispin Ferreras, Darvi Abraham"]
[Result "0-1"]
[WhiteElo "1650"]
[BlackElo "2126"]
[PlyCount "46"]
[EventDate "2022.02.15"]
[EventType "swiss (blitz)"]
[EventRounds "11"]
[EventCountry "USA"]
[SourceTitle "CBM 206 Extra"]
[Source "ChessBase"]
[SourceDate "2022.03.31"]
[SourceVersion "1"]
[SourceVersionDate "2022.03.31"]
[SourceQuality "1"]

1. e4 c6 2. d4 d5 3. exd5 cxd5 4. Bd3 Nf6 5. c3 Nc6 6. Nf3 Bg4 7. Bg5 e6 8. Nbd2 Be7 9. 0-0 0-0 10. Qc2 h6 11. Bf4 Rc8 12. a3 Bd6 13. Be5 Bxe5 14. dxe5 Nd7 15. Rae1 Qc7 16. h3 Bxf3 17. Nxf3 Ncxe5 18. Nxe5 Nxe5 19. Be2 Ng6 20. Qd2 Qf4 21. Qd3 Qg5 22. Kh1 Nf4 23. Qb5 Qxg2# 0-1

[Event "Titled Tuesday intern op 25th Jan"]
[Site "Chess.com INT"]
[Date "2022.01.25"]
[Round "8"]
[White "Chincholimath, Halsagar"]
[Black "Zavivaeva, Emilia"]
[Result "0-1"]
[WhiteElo "1754"]
[BlackElo "1650"]
[PlyCount "74"]
[EventDate "2022.01.25"]
[EventType "swiss (blitz)"]
[EventRounds "11"]
[EventCountry "USA"]
[SourceTitle "CBM 206 Extra"]
[Source "ChessBase"]
[SourceDate "2022.03.31"]
[SourceVersion "1"]
[SourceVersionDate "2022.03.31"]
[SourceQuality "1"]

1. e4 d5 2. exd5 Qxd5 3. d4 Nf6 4. Nc3 Qa5 5. Bc4 Bf5 6. Bd2 c6 7. Qe2 e6 8. 0-0-0 Qc7 9. f3 Be7 10. g4 Bg6 11. h4 h5 12. g5 Nd5 13. Ne4 0-0 14. Nh3 b5 15. Bb3 a5 16. f4 Bf5 17. Ng3 Bg4 18. Qe4 a4 19. Bxd5 cxd5 20. Qd3 Bxd1 21. Rxd1 g6 22. f5 exf5 23. Nxf5 gxf5 24. Qxf5 Qc8 25. Qf3 Qg4 26. Qxd5 Na6 27. Nf4 b4 28. g6 Rad8 29. gxf7+ Rxf7 30. Qc4 Nb8 31. Ne2 Qxh4 32. Rg1+ Kf8 33. Bh6+ Ke8 34. Qb5+ Nd7 35. Rg8+ Bf8 36. Kd2 Qe4 37. Qg5 Qe7 0-1

[Event "Titled Tuesday intern op 25th Jan"]
[Site "Chess.com INT"]
[Date "2022.01.25"]
[Round "2"]
[White "Saya, Ethan"]
[Black "Zavivaeva, Emilia"]
[Result "0-1"]
[WhiteElo "2204"]
[BlackElo "1650"]
[PlyCount "136"]
[EventDate "2022.01.25"]
[EventType "swiss (blitz)"]
[EventRounds "11"]
[EventCountry "USA"]
[SourceTitle "CBM 206 Extra"]
[Source "ChessBase"]
[SourceDate "2022.03.31"]
[SourceVersion "1"]
[SourceVersionDate "2022.03.31"]
[SourceQuality "1"]

1. e4 c5 2. Nc3 Nc6 3. Bb5 g6 4. Bxc6 bxc6 5. d3 Bg7 6. f4 d5 7. Nf3 Nf6 8. e5 Nd7 9. 0-0 Nb6 10. Qe1 c4 11. d4 0-0 12. Qh4 Bf5 13. Rf2 Qc7 14. Be3 a5 15. g4 Bc8 16. e6 Bxe6 17. Ng5 h6 18. Nxe6 fxe6 19. Re1 a4 20. a3 Nd7 21. Qxe7 Rfe8 22. Qh4 c5 23. Rd2 Kh7 24. Kh1 cxd4 25. Bxd4 Qxf4 26. Qf2 Qxg4 27. Rg1 Bxd4 28. Rxg4 Bxf2 29. Rxf2 Rf8 30. Re2 Rae8 31. Rg1 Nc5 32. Rge1 Rf5 33. Kg2 d4 34. Ne4 Nd7 35. Nd6 Ref8 36. Nxf5 gxf5 37. Rxe6 Nc5 38. Re7+ Kg6 39. R1e5 Ne4 40. Rxe4 fxe4 41. Rxe4 Rd8 42. Kf1 Kf5 43. Re7 Rd6 44. Ke1 d3 45. cxd3 cxd3 46. Kd2 Rb6 47. Kc3 Rb3+ 48. Kd2 Rxb2+ 49. Kxd3 Rxh2 50. Kc4 Rh3 51. Kb4 Rh4+ 52. Kb5 Kg5 53. Re5+ Kf6 54. Rc5 Rg4 55. Rc6+ Kg7 56. Rc7+ Kg6 57. Rc6+ Kg7 58. Rc7+ Kf6 59. Rc6+ Kg5 60. Rc8 Kh4 61. Rh8 h5 62. Ka5 Kg5 63. Rg8+ Kf4 64. Rf8+ Kg3 65. Rh8 h4 66. Kb5 h3 67. Rh5 Kg2 68. Rh7 h2 0-1

[Event "Titled Tuesday intern op 25th Jan"]
[Site "Chess.com INT"]
[Date "2022.01.25"]
[Round "9"]
[White "Zavivaeva, Emilia"]
[Black "Ardila, Oscar Humberto"]
[Result "0-1"]
[WhiteElo "1650"]
[BlackElo "1988"]
[PlyCount "56"]
[EventDate "2022.01.25"]
[EventType "swiss (blitz)"]
[EventRounds "11"]
[EventCountry "USA"]
[SourceTitle "CBM 206 Extra"]
[Source "ChessBase"]
[SourceDate "2022.03.31"]
[SourceVersion "1"]
[SourceVersionDate "2022.03.31"]
[SourceQuality "1"]

1. e4 e5 2. Nf3 Nc6 3. Nc3 Nf6 4. d4 exd4 5. Nxd4 Bb4 6. Nxc6 bxc6 7. Bd3 d5 8. exd5 cxd5 9. 0-0 0-0 10. Bg5 c6 11. Qf3 Bd6 12. Rfe1 Rb8 13. b3 h6 14. Bxf6 Qxf6 15. Qxf6 gxf6 16. Ne2 Be5 17. Rad1 Bg4 18. f3 Bd7 19. Ng3 Rfe8 20. Re2 Bd4+ 21. Kf1 Rxe2 22. Nxe2 Be5 23. f4 Bd6 24. Kf2 Re8 25. Kf3 h5 26. h3 Bc5 27. g3 Bxh3 28. Ng1 Bg4+ 0-1

[Event "Titled Tuesday intern op 25th Jan"]
[Site "Chess.com INT"]
[Date "2022.01.25"]
[Round "10"]
[White "Zavivaeva, Emilia"]
[Black "Politov, Pavel Y"]
[Result "1-0"]
[WhiteElo "1650"]
[BlackElo "2190"]
[PlyCount "75"]
[EventDate "2022.01.25"]
[EventType "swiss (blitz)"]
[EventRounds "11"]
[EventCountry "USA"]
[SourceTitle "CBM 206 Extra"]
[Source "ChessBase"]
[SourceDate "2022.03.31"]
[SourceVersion "1"]
[SourceVersionDate "2022.03.31"]
[SourceQuality "1"]

1. e4 c5 2. Nf3 d6 3. d4 cxd4 4. Nxd4 Nf6 5. Nc3 a6 6. Be3 e5 7. Nb3 Be6 8. f3 Be7 9. Qd2 0-0 10. 0-0-0 Nbd7 11. g4 b5 12. h4 b4 13. Nd5 Bxd5 14. exd5 a5 15. Kb1 Nb6 16. Bxb6 Qxb6 17. h5 a4 18. Nc1 Ra5 19. Bc4 Rc8 20. b3 axb3 21. cxb3 Rcc5 22. Nd3 Nxd5 23. Bxd5 Rxd5 24. Qxb4 Rdb5 25. Qe4 Bg5 26. Nb2 h6 27. Nc4 Rxb3+ 28. axb3 Qxb3+ 29. Nb2 Ra2 30. Rh2 Bf4 31. Rc2 Rxb2+ 32. Rxb2 Qxd1+ 33. Ka2 g6 34. hxg6 d5 35. gxf7+ Kxf7 36. Qh7+ Kf6 37. Rb6+ Kg5 38. Qxh6# 1-0

[Event "Titled Tuesday intern op 18th Jan"]
[Site "Chess.com INT"]
[Date "2022.01.18"]
[Round "1"]
[White "Zavivaeva, Emilia"]
[Black "Vusatiuk, Vladimir"]
[Result "0-1"]
[WhiteElo "1650"]
[BlackElo "2307"]
[PlyCount "52"]
[EventDate "2022.01.18"]
[EventType "swiss (blitz)"]
[EventRounds "11"]
[EventCountry "USA"]
[SourceTitle "CBM 206 Extra"]
[Source "ChessBase"]
[SourceDate "2022.03.31"]
[SourceVersion "1"]
[SourceVersionDate "2022.03.31"]
[SourceQuality "1"]

1. e4 c5 2. Nf3 d6 3. d4 cxd4 4. Nxd4 Nf6 5. Nc3 Nc6 6. Be3 Ng4 7. Bc1 Qb6 8. Bb5 e5 9. Nd5 Qxd4 10. Qxd4 exd4 11. Bxc6+ bxc6 12. Nc7+ Kd7 13. Nxa8 Ba6 14. b3 Be7 15. Bb2 c5 16. c4 Rxa8 17. Rd1 Bb7 18. f3 Ne3 19. Rd2 Bg5 20. Ke2 a5 21. g3 a4 22. h4 Bh6 23. f4 Bxe4 24. Rc1 Nf5 25. Kf2 axb3 26. axb3 Rb8 0-1

[Event "Titled Tuesday intern op 11th Jan"]
[Site "Chess.com INT"]
[Date "2022.01.11"]
[Round "11"]
[White "Aketayeva, Dana"]
[Black "Zavivaeva, Emilia"]
[Result "0-1"]
[WhiteElo "2130"]
[BlackElo "1650"]
[PlyCount "190"]
[EventDate "2022.01.11"]
[EventType "swiss (blitz)"]
[EventRounds "11"]
[EventCountry "USA"]
[SourceTitle "CBM 206 Extra"]
[Source "ChessBase"]
[SourceDate "2022.03.31"]
[SourceVersion "1"]
[SourceVersionDate "2022.03.31"]
[SourceQuality "1"]

1. d4 d5 2. Nf3 e6 3. g3 Nf6 4. Bg2 Be7 5. c4 0-0 6. 0-0 c5 7. dxc5 Bxc5 8. cxd5 Nxd5 9. e4 Nf6 10. Nc3 Nc6 11. Bg5 Be7 12. e5 Nd5 13. Nxd5 Bxg5 14. Nc3 Qxd1 15. Rfxd1 Be7 16. Nb5 Rb8 17. Nd6 Rd8 18. Nxc8 Rbxc8 19. Rac1 Nb4 20. a3 Nd5 21. Ne1 Rxc1 22. Rxc1 b6 23. Rd1 Nc7 24. Rc1 Nb5 25. Bf1 Nd4 26. Nd3 a5 27. Rc7 Bf8 28. Rb7 b5 29. Nf4 Nf3+ 30. Kg2 Ne1+ 31. Kh3 b4 32. axb4 axb4 33. Rc7 Nf3 34. Kg2 Nxe5 35. Rb7 h6 36. Rb5 Nc6 37. h4 Be7 38. Nd3 Nd4 39. Rb7 Nc6 40. Nf4 Bf8 41. Bb5 Nd4 42. Bf1 e5 43. Ne2 Nxe2 44. Bxe2 Rd2 45. Bc4 Rxb2 46. Bxf7+ Kh7 47. Rb8 Bd6 48. Bd5 Bxb8 49. Be4+ Kh8 50. g4 Ra2 51. g5 b3 52. gxh6 gxh6 53. h5 b2 54. Bb1 Ra3 55. Bc2 Ra1 56. Be4 b1Q 57. Bxb1 Rxb1 58. Kf3 Rb4 59. Ke3 Rf4 60. f3 Kg7 61. Kf2 Kf6 62. Kg3 Kg5 63. Kh3 e4 64. Kg3 Rxf3+ 65. Kg2 Kf4 66. Kg1 Kg4 67. Kh1 Kxh5 68. Kg2 Kh4 69. Kg1 Kg4 70. Kh1 Kg3 71. Kg1 Rb3 72. Kf1 Rb1+ 73. Ke2 e3 74. Kxe3 Rb3+ 75. Ke4 h5 76. Kd4 h4 77. Kc4 h3 78. Kxb3 h2 79. Kc4 h1Q 80. Kb5 Qf3 81. Kc4 Bf4 82. Kd4 Qe3+ 83. Kd5 Qe5+ 84. Kc4 Kg4 85. Kd3 Kf5 86. Kc4 Qe4+ 87. Kc5 Bd6+ 88. Kxd6 Qe5+ 89. Kd7 Qe6+ 90. Kc7 Kf6 91. Kb8 Qe7 92. Ka8 Ke6 93. Kb8 Kd6 94. Kc8 Kc6 95. Kb8 Qb7# 0-1

[Event "Titled Tuesday intern op 11th Jan"]
[Site "Chess.com INT"]
[Date "2022.01.11"]
[Round "1"]
[White "Koelle, Tobias"]
[Black "Zavivaeva, Emilia"]
[Result "1-0"]
[WhiteElo "2380"]
[BlackElo "1650"]
[PlyCount "73"]
[EventDate "2022.01.11"]
[EventType "swiss (blitz)"]
[EventRounds "11"]
[EventCountry "USA"]
[SourceTitle "CBM 206 Extra"]
[Source "ChessBase"]
[SourceDate "2022.03.31"]
[SourceVersion "1"]
[SourceVersionDate "2022.03.31"]
[SourceQuality "1"]

1. Nf3 d5 2. c4 e6 3. g3 Nf6 4. Bg2 Be7 5. 0-0 0-0 6. b3 b6 7. Bb2 Bb7 8. e3 Nbd7 9. Qe2 c5 10. d3 Qc7 11. Nc3 Rac8 12. Rac1 Qb8 13. cxd5 Nxd5 14. Nxd5 Bxd5 15. h4 Qa8 16. e4 Bb7 17. Rfe1 Nf6 18. Ne5 Rfd8 19. h5 Nd7 20. Nxd7 Rxd7 21. Qg4 Bf8 22. h6 f5 23. Qg5 fxe4 24. dxe4 Rf7 25. Rcd1 Be7 26. Qg4 c4 27. Bxg7 cxb3 28. axb3 Rc2 29. Rd7 Bf8 30. Bf6+ Bg7 31. Qxg7+ Rxg7 32. Rxg7+ Kf8 33. Rxh7 Qc8 34. Rh8+ Kf7 35. Rxc8 Rxc8 36. e5 Ba6 37. h7 1-0

[Event "Titled Tuesday intern op 11th Jan"]
[Site "Chess.com INT"]
[Date "2022.01.11"]
[Round "3"]
[White "Zavivaeva, Emilia"]
[Black "Bures, Vit"]
[Result "1/2-1/2"]
[WhiteElo "1650"]
[BlackElo "2121"]
[PlyCount "53"]
[EventDate "2022.01.11"]
[EventType "swiss (blitz)"]
[EventRounds "11"]
[EventCountry "USA"]
[SourceTitle "CBM 206 Extra"]
[Source "ChessBase"]
[SourceDate "2022.03.31"]
[SourceVersion "1"]
[SourceVersionDate "2022.03.31"]
[SourceQuality "1"]

1. e4 e5 2. Nf3 Nc6 3. Nc3 Nf6 4. d4 exd4 5. Nxd4 Bb4 6. Nxc6 bxc6 7. Bd3 d5 8. exd5 cxd5 9. Bg5 d4 10. 0-0 dxc3 11. Re1+ Kf8 12. bxc3 Bxc3 13. Be4 Be6 14. Bxa8 Qxa8 15. Re3 Bxa1 16. Qxa1 Nd5 17. Rf3 h6 18. Qe5 hxg5 19. Qxe6 Nf4 20. Qb3 Kg8 21. g3 Ne2+ 22. Kf1 Nd4 23. Qxf7+ Kh7 24. Qh5+ Kg8 25. Qf7+ Kh7 26. Qh5+ Kg8 27. Qf7+ 1/2-1/2

[Event "Titled Tuesday intern op 14th Dec"]
[Site "Chess.com INT"]
[Date "2021.12.14"]
[Round "2"]
[White "Hajiyeva, Laman"]
[Black "Zavivaeva, Emilia"]
[Result "1-0"]
[WhiteElo "1957"]
[BlackElo "1650"]
[PlyCount "57"]
[EventDate "2021.12.14"]
[EventType "swiss (blitz)"]
[EventRounds "11"]
[EventCountry "USA"]
[SourceTitle "EXT 2023"]
[Source "ChessBase"]
[SourceDate "2022.10.05"]
[SourceVersion "1"]
[SourceVersionDate "2022.10.05"]
[SourceQuality "1"]

1. e4 b6 2. d4 Bb7 3. Bd3 g6 4. Nf3 Bg7 5. 0-0 e6 6. c3 Ne7 7. Bg5 0-0 8. Nbd2 d6 9. a4 c5 10. a5 Nd7 11. a6 Bc6 12. Re1 cxd4 13. cxd4 f6 14. Bf4 d5 15. exd5 Nxd5 16. Rxe6 Nxf4 17. Rxc6 Nxd3 18. Qb3+ Rf7 19. Qxd3 Ne5 20. Nxe5 fxe5 21. d5 Qd7 22. Ne4 Raf8 23. f3 Rd8 24. Rd1 Kh8 25. Ng5 Rf4 26. Ne6 Ra4 27. Rc7 Qxc7 28. Nxc7 Rd4 29. Qe2 1-0

[Event "Titled Tuesday intern op 14th Dec"]
[Site "Chess.com INT"]
[Date "2021.12.14"]
[Round "7"]
[White "Sanchez Alvares, Kelvin Antonio"]
[Black "Zavivaeva, Emilia"]
[Result "1-0"]
[WhiteElo "2194"]
[BlackElo "1650"]
[PlyCount "43"]
[EventDate "2021.12.14"]
[EventType "swiss (blitz)"]
[EventRounds "11"]
[EventCountry "USA"]
[SourceTitle "EXT 2023"]
[Source "ChessBase"]
[SourceDate "2022.10.05"]
[SourceVersion "1"]
[SourceVersionDate "2022.10.05"]
[SourceQuality "1"]

1. d4 d5 2. Nf3 Nc6 3. c4 e6 4. Nc3 Nf6 5. Bg5 Be7 6. e3 0-0 7. Qc2 h6 8. Bxf6 Bxf6 9. 0-0-0 Nb4 10. Qd2 a5 11. h4 c6 12. g4 a4 13. g5 hxg5 14. hxg5 Bxg5 15. Nxg5 Qxg5 16. f4 Qf6 17. Qh2 Qh6 18. Qxh6 gxh6 19. a3 Na6 20. Bd3 dxc4 21. Rdg1+ Kh8 22. Rxh6# 1-0

[Event "Titled Tuesday intern op 14th Dec"]
[Site "Chess.com INT"]
[Date "2021.12.14"]
[Round "8"]
[White "Zavivaeva, Emilia"]
[Black "Dahlgren, James Allen"]
[Result "0-1"]
[WhiteElo "1650"]
[BlackElo "1858"]
[PlyCount "78"]
[EventDate "2021.12.14"]
[EventType "swiss (blitz)"]
[EventRounds "11"]
[EventCountry "USA"]
[SourceTitle "EXT 2023"]
[Source "ChessBase"]
[SourceDate "2022.10.05"]
[SourceVersion "1"]
[SourceVersionDate "2022.10.05"]
[SourceQuality "1"]

1. e4 e6 2. d4 c5 3. dxc5 Bxc5 4. Nc3 Nf6 5. Nf3 Ng4 6. Nd4 Nxf2 7. Kxf2 Qf6+ 8. Ke1 Bxd4 9. Qf3 Bxc3+ 10. bxc3 Qxf3 11. gxf3 Nc6 12. Rg1 g6 13. Bb2 0-0 14. Kd2 b6 15. Rd1 Ne5 16. Be2 Bb7 17. Kc1 d5 18. exd5 Bxd5 19. Rd4 Bxf3 20. Bb5 Rac8 21. c4 Bc6 22. Ba6 Rc7 23. Ba3 Nf3 24. Bxf8 Kxf8 25. Rd8+ Ke7 26. Rgd1 Nxh2 27. Rh8 h5 28. Rdd8 Nf3 29. Kd1 h4 30. Ke2 g5 31. Kf2 g4 32. Rc8 g3+ 33. Kg2 Ng5+ 34. Kg1 Nh3+ 35. Kf1 g2+ 36. Ke2 Rxc8 37. Rxc8 g1Q 38. Rc7+ Kd6 39. Rxf7 Qg2+ 0-1